000 00999cam a2200241 a 4500
999 _c57738
_d57738
001 651682
005 20201102143636.0
008 940308s1994 ne a b 001 0 eng
010 _a 94009728
020 _a9781556194818
041 _aeng
080 _a81. 255.2 B-86
245 0 0 _aBridging the gap :
_bempirical research in simultaneous interpretation. Volume 3 /
_cedited by Sylvie Lambert, Barbara Moser-Mercer.
264 _aAmsterdam ;
_bJ. Benjamins,
_c1994.
300 _a362 p. :
_bill. ;
_c23 cm.
440 0 _aBenjamins translation library,
_x0929-7316 ;
_vv. 3
_99632
504 _aIncludes bibliographical references and index.
650 0 _aTranslating and interpreting.
_99634
653 _aემპირიული კვლევა ერთდროულ ინტერპრეტაციაში
700 1 _aLambert, Sylvie,
_d1957-
_99635
_eრედაქტორი
700 2 _aMoser-Mercer, Barbara.
_99636
_eრედაქტორი
942 _2udc
_cBK